ბათუმის შოთა რუსთაველის სახელმწიფო უნივერსიტეტის ბიბლიოთეკა

Первобытное искусство / (ბიბ.ჩანაწერი № 61237)

000 -LEADER
fixed length control field 00758nam a22001577a 4500
005 - DATE AND TIME OF LATEST TRANSACTION
control field 20240109164321.0
008 - FIXED-LENGTH DATA ELEMENTS--GENERAL INFORMATION
fixed length control field 240109s1971 ru ||||| |||| 00| 0 rus d
041 ## - LANGUAGE CODE
Language code of text/sound track or separate title rus
080 ## - UNIVERSAL DECIMAL CLASSIFICATION NUMBER
Universal Decimal Classification number 7.031 П-26
245 ## - TITLE STATEMENT
Title Первобытное искусство /
Statement of responsibility, etc. Отв. ред. Р.С. Васильевский.
264 ## - PRODUCTION, PUBLICATION, DISTRIBUTION, MANUFACTURE, AND COPYRIGHT NOTICE
Place of production, publication, distribution, manufacture Новосибирск :
Name of producer, publisher, distributor, manufacturer Наука,
Date of production, publication, distribution, manufacture, or copyright notice 1971.
300 ## - PHYSICAL DESCRIPTION
Extent 203 с.:
Other physical details ил.;
Dimensions 20 см.
653 ## - INDEX TERM--UNCONTROLLED
keyword საბჭოთა და უცხოელი ხელოვნების ისტორიკოსებისა და არქეოლოგების სტატიების კრებული
700 ## - ADDED ENTRY--PERSONAL NAME
Personal name Васильевский, Р.С.
Relator term რედაქტორი
9 (RLIN) 20998
942 ## - ADDED ENTRY ELEMENTS (KOHA)
Source of classification or shelving scheme
Koha item type წიგნი
ეგზემპლარები
Withdrawn status Lost status Source of classification or shelving scheme Damaged status Not for loan Permanent Location Current Location Shelving location Date acquired Cost, normal purchase price Full call number Barcode Date last seen Copy number Uniform Resource Identifier Price effective from Koha item type Public note
          ბათუმის შოთა რუსთაველის სახელმწიფო უნივერსიტეტის მთავარი ბიბლიოთეკა ბათუმის შოთა რუსთაველის სახელმწიფო უნივერსიტეტის მთავარი ბიბლიოთეკა წიგნსაცავი 2024-01-09 4.00 7.031 П-26 65727 2024-01-09 65727 ბსუ-ს საპატიო დოქტორის გურამ ლორთქიფანიძის საჩუქარი 2024-01-09 წიგნი 4 ლ.